000 00360nam a2200145Ia 4500
008 230917s9999||||xx |||||||||||||| ||und||
040 _e60943
_aMAIN
041 _aEnglish
082 _a823.7 E44R:G
100 _aRedinger, Ruby V
245 0 _aGeorge Eliot : the emergent self
260 _aLondon
_bBodley Head
_c1975
300 _ax, 515 p.
942 _cBK
999 _c188642
_d188642